| 000 | 00392nam a2200169Ia 4500 | ||
|---|---|---|---|
| 100 | _aKulkarni/Parag | ||
| 650 | _aArtifical Intelligence | ||
| 942 | _cBK | ||
| 366 | _f25 | ||
| 654 | _aartificial intelligence | ||
| 245 | _aArtificial intelligence:Building intelligent systems | ||
| 260 |
_bPHI _c2015 |
||
| 082 | _bKUL | ||
| 300 | _a506 | ||
| 546 |
_aENGLISH _cComputers |
||
| 999 |
_c33797 _d33797 |
||